000 01509njm a22003137a 4500
005 20100918112419.0
007 sd ammalaaahaa
008 100904t xxu||||| |||| 00| 0 hin d
028 _aPEASD.2046
_bHis Master's Voice
028 _aS/2XJW. 5645
_bHis Master's Voice
028 _aS/2XJW. 5646
_bHis Master's Voice
035 _aGR-03311
040 _aSED/VEN
100 _91184
_aMangeshkar, Lata
245 _aSilsila (Part-1)
_bHindi Film /
_cby Lata Mangeshkar & Kishore Kumar; Music by Shiv-Hari; Lyric by Javed Akhtar
_h[Sound Recording] :
246 _aसिलसिला (लता मंगेशकर और किशोर कुमार)
250 _aP-1981
260 _aDum Dum, India
_bHis Master's Voice
300 _a1 sound disc [Gramophone Recording] :
_banalog, 33 1/3 rpm ;
_c12 in. [LP]
_fGramophone Records
500 _aBrief Records
500 _aRecord Labels: His Master's Voice, Red
505 _aSong Side-1; देखा एक ख्वाब (सिलसिला) (लता मंगेशकर और किशोर कुमार), Song Side-2; लड़की है या शोला (लता मंगेशकर और किशोर कुमार) (भाग-2)
600 _920259
_aMangeshkar, Lata
610 _920322
650 _aClassical Music
_xExcerpts
_zIndia
_918309
700 _918319
_aKishore Kumar
942 _2ddc
_cGR
999 _c46683
_d46683